000
00305nam a2200121Ia 4500
008
220204s9999 xx 000 0 und d
082
_a
517.2
_b
DES
100
_a
Desapio, Rodolfo
245
0
_a
Calculus for the life sentences
260
_a
San Francisco
_b
Freeman
_c
1976
650
_a
Calculus
942
_c
BK
999
_c
28380
_d
28380